[Event "RUS-chT Premier 2019"]
[Site "Sochi"]
[Date "2019.05.05"]
[Round "5.20"]
[White "Matlakov, Maxim"]
[Black "Khanin, Semen"]
[Result "1-0"]
[WhiteElo "2697"]
[BlackElo "2524"]
[Annotator "TA"]
[PlyCount "59"]
[EventDate "2019.05.01"]
[EventType "team-tourn"]
[EventCountry "RUS"]
[SourceTitle "playchess.com"]
[Source "ChessBase"]
[SourceQuality "1"]

{[%evp 13,59,-18,-17,-22,52,55,60,68,56,56,67,46,60,66,43,39,68,67,239,227,252,235,267,245,183,135,292,243,443,393,418,422,410,408,1091,1148,1300,1300,1184,1186,1166,1150,2945,1878,1732,1629,29985,29983]} 1. d4 Nf6 2. c4 e6 3. g3 d5 4. Bg2 dxc4 5. Nf3 Bb4+ 6. Nc3 O-O 7. O-O Nc6 8. Qa4 {E20: Nimzo-Indian: 4 g3 and 4 f3} a6 (8... Nd5 $11) (8... Nd5 9. Qc2 Be7 10. Rd1 Ncb4 11. Qd2 c5 12. dxc5 Nxc3 13. bxc3 Nc6 14. Qc2 Qa5 15. Ng5 Bxg5 16. Bxg5 Qxc5 {½-½ (44) Cheparinov,I (2709)-Gelfand,B (2673) St Petersburg 2018}) 9. Ne5 $1 $14 {[%cal Re5c6]} Nxe5 10. dxe5 {White is slightly better.} Bxc3 $1 11. bxc3 b5 12. Qc2 {[%mdl 1024] White has compensation.} Nd5 13. Ba3 Re8 14. Rad1 $36 {[%cal Ba1d1,Bd1d4,Bd4h4][%mdl 2080] Strongly threatening e4. White has good play.} Qg5 15. f4 $146 ({Predecessor:} 15. e4) 15... Qg6 $2 (15... Qh5 $14) 16. f5 $1 $18 {[%cal Rf5g6]} Qg5 17. Bc1 $1 {[%cal Rc1g5]} Qe7 18. f6 Qc5+ ({Don't go for} 18... gxf6 $2 19. exf6 Qc5+ 20. Kh1 $18) 19. Rd4 Bb7 $2 (19... g6 $16 {was called for.}) 20. Qd2 Rab8 $2 (20... Rad8 {is a better defense.} 21. fxg7 Nxc3) 21. Rf2 Qf8 22. Qg5 g6 23. Rh4 $1 {[%cal Rh4h7] Threatens to win with Rxh7!} Red8 {[#]} (23... Nxc3 $142 24. Ba3 Nxe2+ 25. Rxe2 c5) 24. Rxh7 $3 {[%mdl 512]} Nxf6 {[#]} (24... Kxh7 25. Qh4+) 25. Rxf7 $3 {[%mdl 576] Double Attack} Rd1+ {[#]} (25... Qxf7 26. Rxf6) 26. Bf1 $1 Qxf7 27. Rxf6 {[%mdl 64] Double Attack} Rf8 28. Rxf7 Rxf7 29. Qxg6+ {[%mdl 64] Double Attack} Kf8 30. Ba3+ {Accuracy: White = 98%, Black = 23%.} 1-0

[Event "RUS-chT Premier 2019"]
[Site "Sochi"]
[Date "2019.05.05"]
[Round "5.21"]
[White "Tsydypov, Zhamsaran"]
[Black "Rodshtein, Maxim"]
[Result "1-0"]
[WhiteElo "2546"]
[BlackElo "2699"]
[Annotator "TA"]
[PlyCount "55"]
[EventDate "2019.05.01"]
[EventType "team-tourn"]
[EventCountry "RUS"]
[SourceTitle "playchess.com"]
[Source "ChessBase"]
[SourceQuality "1"]

{[%evp 16,55,6,14,13,5,8,16,31,0,32,24,50,0,10,-2,0,0,0,0,24,24,47,66,256,263,259,254,235,221,409,406,404,397,642,638,618,618,760,721,694,670]} 1. e4 c5 2. Nf3 d6 3. d4 cxd4 4. Nxd4 Nf6 5. Nc3 a6 6. Bg5 e6 7. f4 h6 8. Bh4 Qb6 9. a3 Be7 {B96: Sicilian Najdorf: 6 Bg5 e6 7 f4, lines other than 7...Qb6 and 7...Be7} 10. Bf2 {[#] Strongly threatening Nxe6!} Qc7 11. Qf3 Nbd7 {The position is equal.} 12. O-O-O b5 $1 13. g4 Bb7 14. Bd3 (14. h4 Nc5 15. Bd3 h5 16. g5 Ng4 17. Rhg1 {½-½ (25) Grischuk,A (2766)-Vachier Lagrave,M (2779) Saint Louis 2018}) 14... Nc5 15. Kb1 d5 $146 {[%cal Rd5e4]} ({Predecessor:} 15... Rc8 16. Rhf1 O-O 17. g5 hxg5 18. fxg5 {½-½ (48) Spitz,P (2473)-Wharam,J (2412) ICCF email 2013}) 16. e5 Nfe4 {White must now prevent ...Nxc3+.} 17. Be1 O-O-O 18. Qe3 g5 19. f5 f6 $2 (19... Rhe8 $14) 20. Bxe4 $18 ({Not} 20. Nxe6 Nxe6 21. Bxe4 Bc5 $17) 20... dxe4 21. exf6 Bxf6 22. Bg3 Be5 $2 (22... Bxd4 23. Rxd4 e5) 23. Bxe5 Qxe5 24. Rhf1 exf5 $2 (24... Rhf8 25. b4 exf5) 25. Rxf5 {White is clearly winning.} Qe7 26. b4 Nd7 {[#] and the idea ...Ne5 leaves Black hopeful.} 27. Ncxb5 $1 {[%mdl 512]} axb5 28. Qc3+ {Accuracy: White = 84%, Black = 25%.} 1-0

[Event "RUS-chT Premier 2019"]
[Site "Sochi"]
[Date "2019.05.05"]
[Round "5.22"]
[White "Najer, Evgeniy"]
[Black "Bocharov, Dmitry"]
[Result "1-0"]
[WhiteElo "2674"]
[BlackElo "2530"]
[Annotator "RC"]
[PlyCount "68"]
[EventDate "2019.05.01"]
[EventType "team-tourn"]
[EventCountry "RUS"]
[SourceTitle "playchess.com"]
[Source "ChessBase"]
[SourceQuality "1"]
[TimeControl "40/5400+30:1800+30"]

1. e4 {[%emt 0:00:00]} c5 {[%emt 0:00:00]} 2. Nf3 {[%emt 0:00:00]} d6 {[%emt 0:00:00]} 3. d4 {[%emt 0:00:24]} cxd4 {[%emt 0:00:32]} 4. Nxd4 {[%emt 0:00:12]} Nf6 {[%emt 0:00:06]} 5. Nc3 {[%emt 0:00:09]} a6 {[%emt 0:00:06]} 6. Bg5 {[%emt 0:01:21]} Nbd7 {[%emt 0:00:25]} 7. Bc4 {[%emt 0:00:08]} Qb6 {[%emt 0:01:41]} 8. Qd2 {[%emt 0:05:39]} Qxb2 {[%emt 0:03:19]} 9. O-O {[%emt 0:00:12]} Qb4 {[%emt 0:03:32]} 10. Bb3 {[%emt 0:00:15]} e6 {[%emt 0:21:22]} 11. Rad1 {[%emt 0:07:00]} Be7 {[%emt 0:06:42]} 12. Bxe6 {[%emt 0:05:43]} fxe6 {[%emt 0:02:15]} 13. Nxe6 {[%emt 0:00:06]} Kf7 {[%emt 0:08:28]} 14. Nc7 {[%emt 0:00:10]} Nb6 {[%emt 0:10:32]} 15. Rb1 {[%emt 0:02:18]} Qc5 {[%emt 0:07:51]} 16. Nxa8 {[%emt 0:00:48]} Nxa8 {[%emt 0:00:07]} 17. Bxf6 {[%emt 0:05:09]} Bxf6 {[%emt 0:11:46]} 18. Nd5 {[%emt 0:00:14]} Nc7 {[%emt 0:03:28]} 19. Nxf6 {[%emt 0:00:07]} gxf6 {[%emt 0:00:03]} 20. Rb3 {[%emt 0:00:16]} Rg8 {[%emt 0:03:02]} 21. Rc3 {[%emt 0:39:41]} Qa5 {[%emt 0:02:22]} 22. f4 {[%emt 0:00:28]} Be6 {[%emt 0:09:49]} 23. a4 {[%emt 0:05:07]} b5 {[%emt 0:02:26]} 24. Rff3 {[%emt 0:06:11]} bxa4 {[%emt 0:01:01]} 25. f5 {[%emt 0:00:17]} Qb6+ {[%emt 0:00:38]} 26. Qe3 {[%emt 0:00:07]} Qxe3+ {[%emt 0:00:31]} 27. Rfxe3 {[%emt 0:00:04]} Nb5 {[%emt 0:00:45]} 28. fxe6+ Kxe6 {[%emt 0:00:06]} 29. Rc4 {[%emt 0:02:47]} a3 {[%emt 0:00:09]} 30. Ra4 {[%emt 0:00:04]} Ke5 {[%emt 0:01:09]} 31. Rxa6 {[%emt 0:04:10]} Kd4 {[%emt 0:00:41]} 32. Rb3 {[%emt 0:01:58]} Nc3 {[%emt 0:00:34]} 33. Rxd6+ {[%emt 0:03:14]} Ke5 {[%emt 0:00:21]} 34. Ra6 Rh8 1-0

[Event "RUS-chT Premier 2019"]
[Site "Sochi"]
[Date "2019.05.05"]
[Round "5.23"]
[White "Kezin, Roman"]
[Black "Ponkratov, Pavel"]
[Result "0-1"]
[WhiteElo "2468"]
[BlackElo "2640"]
[Annotator "RC"]
[PlyCount "80"]
[EventDate "2019.05.01"]
[EventType "team-tourn"]
[EventCountry "RUS"]
[SourceTitle "playchess.com"]
[Source "ChessBase"]
[SourceQuality "1"]
[TimeControl "40/5400+30:1800+30"]

1. d4 {[%emt 0:00:00]} Nf6 {[%emt 0:00:00]} 2. c4 {[%emt 0:00:00]} e6 {[%emt 0:00:00]} 3. g3 {[%emt 0:00:00]} d5 {[%emt 0:00:00]} 4. Nf3 {[%emt 0:00:16]} dxc4 {[%emt 0:00:00]} 5. Bg2 {[%emt 0:00:25]} Bb4+ {[%emt 0:00:00]} 6. Bd2 {[%emt 0:02:54]} c5 {[%emt 0:00:00]} 7. a3 {[%emt 0:28:37]} Bxd2+ {[%emt 0:00:06]} 8. Nbxd2 {[%emt 0:00:04]} cxd4 {[%emt 0:00:06]} 9. Nxc4 {[%emt 0:00:03]} Nc6 {[%emt 0:00:06]} 10. O-O {[%emt 0:00:11]} O-O {[%emt 0:00:06]} 11. Rc1 {[%emt 0:07:06]} Rb8 {[%emt 0:02:06]} 12. Qd2 {[%emt 0:18:30]} d3 {[%emt 0:03:35]} 13. exd3 {[%emt 0:05:15]} Ne7 {[%emt 0:04:55]} 14. Nce5 {[%emt 0:09:46]} Bd7 {[%emt 0:04:46]} 15. Rc2 {[%emt 0:02:36]} Ba4 {[%emt 0:10:37]} 16. Rc5 {[%emt 0:03:28]} Bc6 {[%emt 0:04:43]} 17. Rfc1 {[%emt 0:02:20]} Qd6 {[%emt 0:00:32]} 18. b4 {[%emt 0:00:36]} Rbd8 {[%emt 0:02:41]} 19. Nxc6 {[%emt 0:03:53]} Nxc6 {[%emt 0:00:48]} 20. b5 {[%emt 0:01:11]} Na5 {[%emt 0:03:45]} 21. Qb4 {[%emt 0:00:49]} b6 {[%emt 0:14:07]} 22. Rc7 {[%emt 0:00:08]} Qxd3 {[%emt 0:00:13]} 23. Rxa7 {[%emt 0:09:06]} Qe2 {[%emt 0:04:17]} 24. h3 {[%emt 0:03:07]} Nd5 {[%emt 0:01:30]} 25. Nd4 {[%emt 0:00:20]} Nxb4 {[%emt 0:03:07]} 26. Nxe2 {[%emt 0:00:01]} Nd3 {[%emt 0:00:50]} 27. Rcc7 {[%emt 0:01:24]} g6 {[%emt 0:02:05]} 28. Ra6 {[%emt 0:00:39]} Ne5 {[%emt 0:04:42]} 29. Rxb6 {[%emt 0:00:35]} Rd1+ {[%emt 0:00:04]} 30. Kh2 {[%emt 0:00:13]} Rd2 {[%emt 0:00:04]} 31. Nc3 {[%emt 0:01:17]} Rxf2 {[%emt 0:00:05]} 32. Kg1 {[%emt 0:00:24]} Rb2 {[%emt 0:00:21]} 33. Ra6 {[%emt 0:00:44]} Nac4 {[%emt 0:00:15]} 34. Rc5 {[%emt 0:00:24]} Rd8 {[%emt 0:00:36]} 35. Ra4 {[%emt 0:00:34]} Rd3 {[%emt 0:00:50]} 36. Rb4 {[%emt 0:00:33]} Rc2 {[%emt 0:06:58]} 37. Rbxc4 {[%emt 0:00:07]} Nxc4 {[%emt 0:00:07]} 38. Ne4 {[%emt 0:00:50]} Rxa3 {[%emt 0:00:35]} 39. Bf1 {[%emt 0:00:27]} Ra1 {[%emt 0:01:07]} 40. Rc8+ {[%emt 0:00:00]} Kg7 {[%emt 0:00:00]} 0-1

[Event "RUS-chT Premier 2019"]
[Site "Sochi"]
[Date "2019.05.05"]
[Round "5.24"]
[White "Goganov, Aleksey"]
[Black "Murzin, Volodar"]
[Result "1/2-1/2"]
[WhiteElo "2570"]
[BlackElo "2407"]
[Annotator "TA"]
[PlyCount "117"]
[EventDate "2019.05.01"]
[EventType "team-tourn"]
[EventCountry "RUS"]
[SourceTitle "playchess.com"]
[Source "ChessBase"]
[SourceQuality "1"]

{[%evp 12,117,25,10,25,18,24,31,29,25,41,49,47,43,41,43,55,35,39,38,37,32,36,36,57,54,62,31,70,22,25,22,43,17,27,18,22,6,10,0,0,0,7,6,1,1,16,0,7,0,10,-24,-15,-33,0,0,0,0,0,0,0,0,0,0,0,0,12,0,25,26,19,0,0,0,0,0,0,0,0,0,0,0,0,0,0,0,0,0,0,0,0,0,0,0,3,0,0,0,0,0,0,0,0,0,0,0,0,0]} 1. d4 d5 2. c4 c6 3. Nf3 Nf6 4. Nc3 a6 5. e3 e6 6. b3 Bb4 7. Bd2 Qe7 {D45: Semi-Slav: 5 e3} 8. Bd3 Nbd7 9. O-O O-O {White is slightly better.} 10. Bc2 e5 $146 ({Predecessor:} 10... Rd8 11. a3 Bxa3 12. Rxa3 Qxa3 13. c5 b6 14. b4 Ne4 15. Nxe4 dxe4 16. Bxe4 Rb8 17. Bxh7+ Kxh7 {1-0 (35) Aronian,L (2793)-Carlsen,M (2832) Stavanger 2017}) 11. Nxd5 cxd5 12. Bxb4 Qxb4 13. dxe5 dxc4 14. exf6 Nxf6 15. bxc4 Qxc4 16. Bb3 Qe4 17. Qd6 Bg4 18. Nd4 Rad8 19. Qg3 Bh5 20. a4 Bg6 21. Rac1 Qe7 22. Qc7 Rd7 23. Qa5 Ne4 24. Bc2 Rfd8 25. Bxe4 Bxe4 26. Rc5 Qf6 27. Qc3 h6 28. f3 Bg6 29. a5 Re7 30. Rc1 Kh7 31. Qd2 Rde8 32. R1c3 Qd6 {aiming for ...Rxe3!} 33. e4 Re5 34. Nb3 Qb8 35. Rxe5 Qxe5 36. Rc5 Qe7 37. Rd5 Qa3 38. Nd4 Rc8 39. h3 Qe7 40. Ne2 Rc5 41. Nf4 {The position is equal.} Rxd5 42. exd5 Qc5+ 43. Kh2 Bf5 44. g4 Bd7 45. Kg2 Bb5 46. d6 {[#] Hoping for d7.} Qe5 47. Nh5 Bd7 48. Ng3 Kg8 49. Ne4 f5 50. Ng3 fxg4 51. hxg4 Kf8 52. Qb4 Kf7 53. Ne4 Bc6 54. Qc5 Ke6 {[#] White must now prevent ...Qxc5.} 55. Qc4+ Qd5 56. Qc3 Qe5 {And now ...Qxc3 would win.} 57. Qc4+ Qd5 58. Qc3 Qe5 {...Qxc3 is the strong threat.} 59. Qc4+ {Accuracy: White = 62%, Black = 65%.} 1/2-1/2

[Event "RUS-chT Premier 2019"]
[Site "Sochi"]
[Date "2019.05.05"]
[Round "5.25"]
[White "Sjugirov, Sanan"]
[Black "Riazantsev, Alexander"]
[Result "1/2-1/2"]
[WhiteElo "2661"]
[BlackElo "2653"]
[Annotator "TA"]
[PlyCount "80"]
[EventDate "2019.05.01"]
[EventType "team-tourn"]
[EventCountry "RUS"]
[SourceTitle "playchess.com"]
[Source "ChessBase"]
[SourceQuality "1"]

{[%evp 10,80,0,0,29,19,31,28,39,-12,44,43,61,52,77,60,66,73,114,107,105,106,77,-153,-165,-152,-158,-199,0,0,0,0,0,0,0,-55,-95,-83,-79,-321,-298,-364,-363,-435,-422,-476,-462,-544,-522,-522,-511,-511,-506,-439,0,0,0,0,0,0,0,0,0,0,0,0,0,0,0,0,0,0,0]} 1. e4 c6 2. d4 d5 3. e5 Bf5 4. h4 h5 5. c4 e6 6. Nc3 Bb4 {B12: Caro-Kann: Advance Variation} (6... Ne7 7. Nge2 Bg4 8. Bg5 Qb6 9. c5 Qc7 10. f3 Bf5 11. Ng3 f6 12. Bf4 Nd7 13. exf6 Qxf4 14. Nce2 Qh6 15. fxe7 Bxe7 16. Nxf5 exf5 {½-½ (27) Sutovsky,E (2647)-Artemiev,V (2704) Poikovsky 2018}) 7. cxd5 cxd5 8. Bg5 Ne7 $146 {White has an edge.} ({Predecessor:} 8... Qa5 9. Qd2 Nc6 10. a3 Bxc3 11. bxc3 Rc8 12. Ne2 f6 13. exf6 Nxf6 14. Bxf6 gxf6 {1-0 (57) Lopez Pereyra,A (2132)-Damaso Tacoronte,C (1861) Santa Cruz de Tenerife 2011}) 9. Bd3 (9. Rc1 $14) 9... Bxc3+ (9... Qa5 $11 10. Nge2 Nbc6) 10. bxc3 $14 Qc7 11. Ne2 Nd7 12. Bxf5 Nxf5 13. O-O $1 f6 14. exf6 gxf6 15. Nf4 $1 {Threatens to win with Re1.} Kf7 ({But not} 15... Qxc3 $2 16. Nxe6 fxg5 17. Rc1 $18) 16. Nxe6 $2 (16. Re1 $1 $16) 16... Kxe6 $17 17. Re1+ {[#]} Kf7 $1 18. Qf3 Ne7 $2 {[#]} (18... Kg6 $19 19. Re6 Rae8 20. Rxe8 Rxe8) 19. Rxe7+ $1 $11 {[%mdl 512]} Kxe7 20. Re1+ Kf7 $1 21. Qxd5+ Kf8 22. Bf4 (22. Qe4 $11 Qc6 23. d5) 22... Qxf4 $15 23. Qxd7 {[#]} Rh6 $1 24. g3 $2 (24. Re3 $17 Rg6 25. Qh7 (25. g3 Qg4 $17)) 24... Qf3 $19 25. d5 Qxc3 26. Qe7+ Kg8 27. d6 {Hoping for d7.} Rh7 28. Qe6+ Rf7 29. d7 Raf8 30. Rd1 Qc7 31. Qf5 Rd8 $2 ({Better is} 31... Kg7 $19 32. Qxh5 Rd8 33. Qg4+ Kf8 34. Qb4+ Kg8 35. Qg4+ Kf8 36. Qb4+ Re7) 32. Qg6+ $11 {The position is equal.} Kf8 33. Qh6+ $1 Kg8 34. Qg6+ Kf8 {White must now prevent ...Qe5.} 35. Qh6+ $1 Ke7 {Strongly threatening ...Qc2.} 36. Qe3+ Kf8 37. Qh6+ Kg8 38. Qg6+ Kf8 {And now ...Qe5 would win.} 39. Qh6+ $1 Kg8 40. Qg6+ Kf8 {Accuracy: White = 44%, Black = 56%.} 1/2-1/2

[Event "RUS-chT Premier 2019"]
[Site "Sochi"]
[Date "2019.05.05"]
[Round "5.26"]
[White "Motylev, Alexander"]
[Black "Rakhmanov, Aleksandr"]
[Result "1/2-1/2"]
[WhiteElo "2650"]
[BlackElo "2629"]
[Annotator "TA"]
[PlyCount "138"]
[EventDate "2019.05.01"]
[EventType "team-tourn"]
[EventCountry "RUS"]
[SourceTitle "playchess.com"]
[Source "ChessBase"]
[SourceQuality "1"]

{[%evp 10,138,30,28,57,41,57,44,58,38,56,24,48,14,25,-16,-8,-12,-10,-11,-10,-29,-20,-29,-29,-25,-9,-20,-16,-26,-25,-21,-11,-25,-25,-24,-18,-25,-10,-14,-8,-6,0,-12,-12,-31,-38,-27,-30,-35,-12,-16,-27,-8,0,0,0,-8,-8,-33,-10,-33,-12,-30,-3,-4,-8,-37,0,-8,-8,-10,-2,-22,-10,-45,-45,-46,-41,-230,-219,-212,-159,-167,-41,-215,-187,-131,-41,-41,-41,-42,-42,-42,-42,-42,-42,-42,-42,-42,-42,-42,-8,-47,-42,-42,-8,-8,-8,-8,-6,-6,-6,-6,-6,-6,-6,-8,-21,-39,0,0,0,0,0,0,0,0,0,0,816]} 1. e4 e5 2. Nf3 Nf6 3. Nxe5 d6 4. Nf3 Nxe4 5. Nc3 Nf6 6. d4 g6 {C42: Petroff Defence: 3 Nxe5 and unusual White 3rd moves} 7. Bc4 $146 ({Predecessor:} 7. Bg5 Bg7 8. Qe2+ Kf8 9. h3 h6 10. Be3 a6 11. a4 Nc6 12. Qd2 Ne7 13. Bc4 b6 14. O-O {½-½ (31) Jakovenko,D (2749)-Rakhmanov,A (2627) Ankara 2018}) 7... Bg7 8. Qe2+ Qe7 {White is slightly better.} 9. Qxe7+ Kxe7 10. Bg5 Re8 11. O-O-O Kf8 12. h3 a6 13. Rhe1 Rxe1 14. Rxe1 h6 15. Bf4 (15. Bd2 {is interesting.} b5 16. Bd5 Ra7 17. a3 Bd7 18. Bb3) 15... Nc6 16. Nd5 Nxd5 17. Bxd5 Ne7 18. Bb3 b5 19. c3 Bb7 20. Bd1 Nd5 21. Bh2 Re8 22. a4 Ra8 23. Nd2 Nb6 24. a5 Nd7 25. g4 $1 Re8 26. Rxe8+ Kxe8 27. Bf3 Bxf3 28. Nxf3 $15 {[%mdl 4096] Endgame KBN-KBN} Ke7 29. Kc2 c5 30. dxc5 dxc5 31. c4 b4 32. b3 Ke6 33. Bf4 g5 34. Bc7 Be5 35. Bd8 f5 36. Kd3 Bf4 37. Ke2 Bd6 38. Ke3 Bf4+ 39. Kd3 Bb8 40. Ke3 Bd6 41. Kd3 Nf8 42. Bb6 Kf6 43. Ng1 Ng6 44. f3 $2 ({Better is} 44. Ke3 $15) 44... Nf4+ $1 $19 45. Ke3 Ke5 46. Kd2 {[#]} Ke6 ({Black should try} 46... Ne6 $1 $19 47. Ne2 f4) 47. Ke3 $2 (47. Bd8 $1 $15) 47... Kf6 48. Bd8+ {[#]} (48. Ba7 $19) 48... Kg6 (48... Ke5 $1 $17 {...Ne6 is the strong threat.} 49. Bb6 Kf6) 49. Bb6 $1 $15 h5 50. Kd2 h4 51. Ke3 Ne6 {White must now prevent ...Nd4.} 52. Ne2 Kf6 53. Kd3 Be5 54. Ke3 Bb8 55. Kd2 Ke5 {And now ...fxg4 would win.} 56. Ke3 (56. Nc1 $5 {[%cal Rc1d3]} f4 57. Nd3+ Kd6 58. Nf2 $11) 56... Bd6 57. Kd3 Nf4+ 58. Nxf4 Kxf4 $11 {KB-KB} 59. Ke2 $1 Kg3 60. gxf5 {Strongly threatening f6.} Kxh3 {Threatens to win with ...Kg2.} 61. Kf2 $1 g4 62. fxg4 $1 Kxg4 63. f6 Kf5 64. Bd8 Ke6 65. Kg2 $1 {The position is equal.} Kd7 66. Bb6 Ke6 67. Bd8 $1 Kd7 68. Bb6 Ke6 69. Bd8 $1 Ke5 $2 {[%mdl 40960] Accuracy: White = 55%, Black = 58%. . An unexpected result.} (69... Kf7 $11) 1/2-1/2

[Event "RUS-chT Premier 2019"]
[Site "Sochi"]
[Date "2019.05.05"]
[Round "5.27"]
[White "Kokarev, Dmitry"]
[Black "Lysyj, Igor"]
[Result "1-0"]
[WhiteElo "2605"]
[BlackElo "2642"]
[Annotator "TA"]
[PlyCount "133"]
[EventDate "2019.05.01"]
[EventType "team-tourn"]
[EventCountry "RUS"]
[SourceTitle "playchess.com"]
[Source "ChessBase"]
[SourceQuality "1"]

{[%evp 9,133,18,24,18,23,18,22,29,39,12,18,0,9,9,10,7,26,-10,14,0,42,36,44,36,49,52,43,35,72,47,82,75,78,46,78,78,60,66,78,58,78,78,78,78,78,78,78,78,78,78,78,78,78,13,18,13,9,0,12,0,13,15,31,29,45,35,42,24,46,37,37,37,95,95,114,89,89,89,121,108,118,111,132,29,29,33,37,37,38,39,40,33,40,14,117,119,280,283,394,369,320,260,478,408,519,275,231,0,480,395,636,668,633,592,493,470,716,716,702,640,633,633,605,605,557,550]} 1. e4 e5 2. Nf3 Nc6 3. Bb5 Nf6 4. d3 Bc5 5. Bxc6 dxc6 6. O-O {C65: Ruy Lopez: Berlin Defence (3...Nf6), unusual lines and 4 0-0 Bc5} Qe7 7. Nbd2 a5 $146 ({Predecessor:} 7... Bg4 8. h3 Bh5 9. a3 Nd7 10. b4 Bd6 11. Nc4 f6 12. Ne3 Nf8 13. Nf5 Qd7 {½-½ (50) Giri,A (2797)-Topalov,V (2740) Shamkir 2019}) 8. Nc4 {The position is equal.} Nd7 9. a4 b6 10. b3 O-O 11. Bb2 {[%cal Rc4e5]} f6 12. Nh4 Ba6 13. Kh1 Bxc4 14. bxc4 Bd6 15. Nf5 $36 {[%mdl 2048] White fights for an advantage.} Qe8 16. Qg4 {[%csl Gf5][%cal Rg4g7]} g6 17. Nxd6 cxd6 18. f4 Ra7 19. h3 exf4 20. Qxf4 Ne5 21. Rab1 Raf7 22. Qd2 Nd7 23. Bd4 Qd8 24. Rf2 Qc7 25. Be3 c5 26. Qc3 Qc6 27. Qa1 Re8 28. Rbf1 Re6 29. Bd2 Ne5 30. Bc3 Kf8 31. Bxe5 ({White should play} 31. Qb2 $16) 31... dxe5 $11 32. Kh2 Qd7 33. Rf3 Rd6 34. R1f2 h6 35. g4 Ke8 36. Kg2 Kd8 37. Qc1 g5 38. Qa1 Re6 39. Kg3 Ke7 40. Rf5 Qd4 ({Better is} 40... Rg7 $14) 41. Qxd4 $16 cxd4 {[%mdl 4096] Endgame KRR-KRR} 42. h4 gxh4+ 43. Kxh4 Kf8 44. Rf1 Kg7 45. Kh5 Kh7 46. g5 (46. Rb1 $16) 46... hxg5 $11 {[#]} 47. Rxg5 $1 {[%mdl 576] aiming for Rg6. Pin} Rg7 $1 {[%cal Rg7g5]} (47... fxg5 48. Rxf7+) 48. Rxg7+ Kxg7 $14 {KR-KR} 49. Rb1 Rc6 50. Rb2 Kf7 51. Rb5 Ke7 (51... Rc8 $11 {remains equal.}) 52. Kg6 $1 $16 Ke6 $2 (52... Rc8 $16) 53. Rb2 Rd6 54. Rb1 Rc6 55. Rb5 $1 Ke7 $2 (55... Rd6 {was necessary.} 56. Rb2 Rc6) 56. Kf5 $18 Kf7 57. Rb1 Kg7 {[#]} 58. Rb5 $2 (58. c5 $1 {[%cal Rc5b6]} bxc5 59. Rb7+ Kf8 60. Ra7) 58... Kf7 {[#]} 59. c5 $1 {[%cal Rc5b6]} bxc5 $2 (59... Rxc5 60. Rxb6 Rxc2) 60. Rxa5 {White is clearly winning.} c4 61. Ra7+ Ke8 62. a5 c3 (62... cxd3 $142 63. cxd3 Kd8) 63. a6 {Threatening mate with Ra8+.} Kd8 64. Rf7 Rxa6 65. Rxf6 Ra5 66. Rd6+ Kc7 {[#]} 67. Rd5 $1 {[%mdl 512] Accuracy: White = 55%, Black = 38%.} 1-0

[Event "RUS-chT Premier 2019"]
[Site "Sochi"]
[Date "2019.05.05"]
[Round "5.28"]
[White "Sarana, Alexey"]
[Black "Romanov, Evgeny"]
[Result "1-0"]
[WhiteElo "2636"]
[BlackElo "2573"]
[Annotator "TA"]
[PlyCount "157"]
[EventDate "2019.05.01"]
[EventType "team-tourn"]
[EventCountry "RUS"]
[SourceTitle "playchess.com"]
[Source "ChessBase"]
[SourceQuality "1"]

{[%evp 9,157,26,50,42,31,35,39,8,10,8,8,10,11,0,5,5,40,0,-1,0,50,43,48,46,81,93,140,44,49,58,44,48,45,49,48,46,47,49,52,52,52,52,52,52,52,51,77,35,77,77,79,79,80,79,79,79,79,79,90,93,118,106,211,211,218,195,218,218,216,224,237,243,218,217,262,254,258,235,250,224,241,237,270,270,270,270,262,229,306,242,242,233,303,190,221,208,187,210,1768,1747,773,685,1768,1768,1761,1761,1754,1747,1747,1739,1732,1716,1668,1668,1654,1654,1639,1639,1535,1438,1438,1306,1400,929,1639,1412,29959,6592,29966,29966,29968,29969,29969,29971,29972,29973,29973,29974,29975,29976,29976,29977,29977,29978,29978,29979,29980,29981,29981,29982]} 1. d4 Nf6 2. c4 e6 3. Nf3 b6 4. g3 Ba6 5. Qc2 Bb4+ 6. Bd2 {E15: Queen's Indian: 4 g3 sidelines, 4 g3 Ba6 and 4 g3 Bb7 early deviations} Bxd2+ 7. Nbxd2 c5 8. Bg2 {White is slightly better.} Nc6 9. dxc5 bxc5 10. O-O Rb8 $146 ({Predecessor:} 10... O-O 11. Rfd1 Rb8 {½-½ (67) Fedoseev,V (2525)-Iordachescu,V (2651) Moscow 2012}) 11. b3 O-O 12. Rfd1 Bb7 13. Nb1 Nb4 14. Qc1 Ne4 15. Nc3 f5 16. Ne5 {Black must now prevent Bxe4.} d6 17. Nb5 a6 {[#]} 18. Bxe4 ({White should play} 18. Nxd6 $1 $16 {[%mdl 512]} Nxd6 19. a3 Bxg2 20. axb4) 18... axb5 $14 19. Bxb7 Rxb7 20. a3 Qe7 $1 21. axb4 dxe5 22. Ra6 f4 $1 23. cxb5 Rxb5 24. bxc5 Rxc5 25. Qa3 Rc7 26. Qxe7 Rxe7 {[%mdl 4096] Endgame KRR-KRR} 27. Ra5 e4 28. Rd4 fxg3 29. fxg3 Rb8 30. b4 Reb7 31. Ra4 e3 32. Re4 Kf7 33. Kg2 g5 34. Kf3 (34. Rxe3 $6 Rxb4 35. Ra6 R8b6 $11) 34... h6 35. Kg4 (35. Rxe3 $6 Rxb4 36. Ra7+ R8b7 $11) 35... Rb6 (35... Kf6 $16 {was worth a try.}) 36. Kh5 $18 (36. Rxe3 Rxb4+ 37. Rxb4 Rxb4+ 38. Kh5 g4 $11) 36... Kf6 37. h3 (37. Rxe3 $6 Rxb4 38. Ra6 R8b6 $16) 37... Rb5 38. Rxe3 Rxb4 39. Ra6 Re8 40. Rf3+ Ke5 41. Ra5+ (41. Kxh6 $6 Rh8+ 42. Kg6 Rxh3 $16) 41... Kd6 42. Rd3+ (42. Kxh6 $6 Rh8+ 43. Kxg5 Rxh3 $16) 42... Ke7 43. Ra7+ $1 (43. Kxh6 Kf6 $16) 43... Kf6 44. Rf3+ ({Inferior is} 44. Kxh6 g4 $11) 44... Ke5 {[#]} 45. g4 $1 ({Much less strong is} 45. Kxh6 $6 Rh8+ 46. Kxg5 Rxh3) 45... Rf4 46. Re3+ ({Not} 46. Kxh6 Rxf3 47. exf3 Kf6 $16) 46... Kd4 47. Rd3+ Ke4 48. Kxh6 Rf2 49. Ra4+ Ke5 50. Kxg5 Rxe2 51. Kh4 Rg2 52. Re3+ Kf6 {[%cal Re8h8] [#]} 53. Ra5 $1 e5 $2 (53... Rf2 54. Kg3 Rf1) 54. Rf3+ Kg6 55. Ra6+ Kg7 56. Kg5 Re7 57. Rg6+ Kh7 58. Rff6 e4 59. Re6 Rd7 60. Rh6+ Kg7 61. Reg6+ Kf8 62. Rh8+ Ke7 63. Rh7+ Kd8 64. Rg8+ Kc7 65. Rxd7+ Kxd7 {KR-KR} 66. Kf4 e3 67. Kxe3 Rg3+ 68. Kf4 Rxh3 69. Kg5 {White mates.} Ke7 70. Kg6 Ra3 71. g5 Ra6+ 72. Kg7 Ra7 73. Rf8 Ke6+ 74. Kg8 Ra1 75. g6 Ke7 76. g7 Rh1 77. Rf4 Re1 78. Rh4 Rg1 79. Kh8 {Accuracy: White = 83%, Black = 38%.} 1-0